Представление документа в формате MARC21

Поле Инд. ПП Название Значение
Тип записи a
Библиографический уровень b
001 Контрольный номер RU/IS/BASE/185908962
005 Дата корректировки 20220715140319.1
008 Кодируемые данные 20051121
084 a Индекс другой классификации/Индекс ББК 60.033.3
a Индекс другой классификации/Индекс ББК 60.521.2
100 1_ a Автор Макаров В. П.
q Полное имя Макаров Владимир Петрович
245 a Заглавие Формирование информационного пространства
504 a Библиография Библиогр. ссылки. - Примеч.
650 a Основная рубрика социальная философия
a Основная рубрика социология
a Основная рубрика философия
653 a Ключевые слова виртуализация общества
a Ключевые слова виртуальное пространство
a Ключевые слова глобализация
a Ключевые слова информационное общество
a Ключевые слова информационное пространство
a Ключевые слова информация
a Ключевые слова киберпространство
a Ключевые слова общество
a Ключевые слова постиндустриальное общество
a Ключевые слова типы общества
773 t Заглавие источника Вестник Московского университета. Серия 18, Социология и политология
d Дата издания источника 2005
g Прочая информация № 3. - С. 3 - 18
w Контрольный № источника RU/IS/BASE/184253657
901 t Тип документа b